Fundamentals of business economis (Record no. 1305)
[ view plain ]
| 000 -LEADER | |
|---|---|
| fixed length control field | 00524cam a2200181ua 4500 |
| 008 - FIXED-LENGTH DATA ELEMENTS--GENERAL INFORMATION | |
| fixed length control field | 110708n ii |||gr||||Z||||||eng |
| 040 ## - CATALOGING SOURCE | |
| Transcribing agency | MAIN |
| 082 ## - DEWEY DECIMAL CLASSIFICATION NUMBER | |
| Classification number | 338.542 |
| 100 1# - MAIN ENTRY--PERSONAL NAME | |
| Personal name | Bhattacharyya, dhires, |
| Relator term | |
| 245 1# - TITLE STATEMENT | |
| Title | Fundamentals of business economis |
| Statement of responsibility, etc. | by Dhires Bhattacharyya |
| 260 ## - PUBLICATION, DISTRIBUTION, ETC. | |
| Place of publication, distribution, etc. | Delhi: |
| Name of publisher, distributor, etc. | A. H. wheeler & co. pvt. ltd,986. |
| Place of publication, distribution, etc. | Bombay: |
| 300 ## - PHYSICAL DESCRIPTION | |
| Extent | xv; 295p: |
| Other physical details | ill; |
| Dimensions | 23cm. |
| 700 ## - ADDED ENTRY--PERSONAL NAME | |
| Personal name | Chakrabarty, Pranab, |
| Relator term | |
| 942 ## - ADDED ENTRY ELEMENTS (KOHA) | |
| Koha item type | Books |
| 653 ## - INDEX TERM--UNCONTROLLED | |
| Uncontrolled term | Economics |
| 653 ## - INDEX TERM--UNCONTROLLED | |
| Uncontrolled term | Business economics |
| Withdrawn status | Lost status | Damaged status | Not for loan | Home library | Current library | Shelving location | Date acquired | Total Checkouts | Full call number | Barcode | Date last seen | Copy number | Price effective from | Koha item type |
|---|---|---|---|---|---|---|---|---|---|---|---|---|---|---|
| Central Library, Naharkatiya College | Central Library, Naharkatiya College | General Stacks | 19/09/2020 | 338.542 | CHA | 1827 | 19/09/2020 | 1 | 19/09/2020 | Books |
